00707cam a2200241 4500001001300000003000400013005001700017008004100034010001700075025002000092050002200112082001200134100003100146245004600177260003900223300002400262350001000286500006700296504003100363650002600394650002800420999001700448sa 68012015 DLC20260227112606.0691107s1968 ii b 00110 eng  asa 68012015  aPL480:I-E-110390 aHD6971b.D45 1968 a301.5/520aDevadas Pillai, S.,d1935-10aMen and machinesc[by] S. Devadas Pillai.0 aBombay,bPopular Prakashanc[1968] axii, 176 p.c23 cm. a28.00 aA revision of the author's thesis, University of Bombay, 1964. aBibliographical footnotes. 0aIndustrial sociology. 0aPsychology, Industrial. c84246d84246